000 01764cam a22004694i 4500
003 PE-LiUPU
005 20250731173508.0
008 150616s r 000 0 d
020 _a0664244882
035 _a(Sirsi) i9780664244880
040 _aPE-LiUPU
_bspa
_cPE-LiUPU
_erda
049 _aPRUA
082 0 4 _a250
_bW85
_221
100 1 _aWorley, Robert C.,
_eautor.
245 1 2 _aA Gathering of Strangers: understanding the life of your Church.
264 1 _aPhiladelphia :
_bThe Westminster Press,
_c1983.
300 _a124 páginas ;
_c23 centímetros
336 _atext
_2rdacontent
337 _aunmediated
_2rdamedia
338 _avolume
_2rdacarrier
504 _aIncluye bibliografía.
505 0 _aToward a new perspective on the Church -- Getting hold of oneself -- Personal and organizational goals -- Forms of power and involvement of persons -- Environment: source of anxiety and promise -- Thinking about the Church and ministry -- Getting on with ministry in the Church Church.
526 _aSEG42
526 _aSEG41
526 _aSEG40
526 _aSEG39
526 _aP94
526 _aP87
526 _aP86
526 _aP85
526 _aP77
526 _aP76
526 _aP35
650 0 4 _aIGLESIAS LOCALES - ASPECTOS SOCIALES.
910 _ajck
_bjvq
_cjck
942 _2ddc
_cBOOK
949 _a250 W85
_wDEWEY
_c1
_i40565
_lCCODEBUL1
_mBUL
_r0
_sY
_tBOOK
_u2015-6-16
_xTEOLOGIA
_zUNKNOWN
_0COMPRA
_o.STAFF. Colección General
994 _aC0
_bPEPRU
596 _a1
999 _a250 W85
_wDEWEY
_c58349
_i40565
_f2021-11-12
_g5
_lCCODEBUL1
_mBUL
_r0
_sY
_tBOOK
_u2015-6-16
_xTEOLOGIA
_zUNKNOWN
_0COMPRA
_o.STAFF. Colección General
_d58349
980 _81
_gALBERTO SANCHEZ Responsable de Automatización